| 000 | 00651nam a2200205Ia 4500 | ||
|---|---|---|---|
| 003 | IN-BaIIA | ||
| 008 | 211028s9999 xx 000 0 eng d | ||
| 020 | _a0-19-851882-X | ||
| 040 | _cIIA Library | ||
| 080 |
_a530.145 _bZIN |
||
| 100 |
_aZinn-Justin, Jean _921169 |
||
| 245 | 0 |
_aQuantum field theory and critical phenomena _cJean Zinn-Justin |
|
| 250 | _a3rd ed. | ||
| 260 |
_aOxford _bClarendon Press _c1996 |
||
| 300 | _axxii, 1008p. | ||
| 490 | _aInternational series of monographs on physics; 92 | ||
| 650 |
_aElectromagnetic fields _92908 |
||
| 650 |
_aQuantum field theory _96197 |
||
| 942 | _cBK | ||
| 999 |
_c12137 _d12137 |
||